000 00741nam a2200217Ia 4500
003 OSt
005 20250507162143.0
008 220926b |||||||| |||| 00| 0 eng d
020 _a8187162538
037 _cReference Collections
040 _aRTL
_cRTL
_beng
041 _2eng
_aeng
084 _aU:(G:55):(Z).2.P, P2.2/NTI
_qRTL
100 _aUpadhyay, Sanjay
_9370957
245 0 _aHandbook on environmental laws Vol. 2: water laws, air laws and the environment
260 _aNew Delhi
_b Lexis Nexis
_c2002
300 _axiv, 731 p. :ill.
_ccm.
_bIncludes reference and index
700 _a Upadhyay, Videh
_9370958
942 _hU:(G:55):(Z).2.P, P2.2/NTI
_cTB
_2CC
_n0
999 _c691210
_d691210